Praktická demonštrácia konceptu inteligentnej domácnosti na báze mikropočítača

Salvato in:
Dettagli Bibliografici
Autore principale: Tužinský, Tomáš (Autore)
Altri autori: Minarčík, Peter (Relatore della tesi)
Natura: Manoscritto Libro
Lingua:slovacco
Pubblicazione: 2019
Soggetti:
Accesso online:http://is.stuba.sk/zp/portal_zp.pl?podrobnosti=152820
Tags: Aggiungi Tag
Nessun Tag, puoi essere il primo ad aggiungerne!!

MARC

LEADER 00000ntm a22000003a 4500
001 stuzp75256
003 SK-STU
005 20190608213419.2
007 ta
008 150427s2015----xo-----f-mn---000-0-slo-d
040 |a STU  |b slo 
041 0 |a slo 
100 1 |a Tužinský, Tomáš  |u 020020  |4 aut  |U SjF Strojnícka fakulta  |T SjF Ústav automatizácie, merania a aplikovanej informatiky  |X 87833  |U J0020  |Y 802  |7 87833 
242 0 1 |a Practical demonstration of the smart home concept based on a microcontroller  |y eng 
245 1 0 |a Praktická demonštrácia konceptu inteligentnej domácnosti na báze mikropočítača 
260 |c 2019 
650 4 |a Raspberry Pi  |2 slo 
650 4 |a NodeMCU  |2 slo 
650 4 |a Node-RED  |2 slo 
650 4 |a MQTT  |2 slo 
650 4 |a Inteligentné domácnosti  |2 slo 
650 4 |a Raspberry Pi  |2 eng 
650 4 |a NodeMCU  |2 eng 
650 4 |a Node-RED  |2 eng 
650 4 |a MQTT  |2 eng 
650 4 |a Smart homes  |2 eng 
700 1 |a Minarčík, Peter  |u 020020  |k Z3  |4 ths  |U SjF Strojnícka fakulta  |T SjF Ústav automatizácie, merania a aplikovanej informatiky  |X 63178  |U J0020  |Y 802  |7 63178 
856 4 |u http://is.stuba.sk/zp/portal_zp.pl?podrobnosti=152820 
996 |b 284J046014  |c J* 3124/DBP  |l JJSK  |s A  |a 24  |w stuzp75256_0001